Rewrite of the Foreign Assistance Act of 1961 and fiscal year 1995 foreign assistance request : hearings before the Committee on Foreign Affairs, House of Representatives, One Hundred Third Congress, second session.

Bibliographic Details
Corporate Authors: United States. Congress. House. Committee on Foreign Affairs, ProQuest (Firm)
Format: Government Document eBook
Language:English
Published: Washington : U.S. G.P.O. : 1994.
Series:U.S. Congressional Hearings.
Subjects:
Online Access:Connect to the full text of this electronic book
Connect to the full text of this electronic book
Connect to the full text of this electronic book
Connect to the full text of this electronic book
Connect to the full text of this electronic book

MARC

Tag First Indicator Second Indicator Subfields
LEADER 00000cam a22000001a 4500
001 in00003258317
006 m d f
007 cr bn mmmapmmp
008 091024s1994 dcua ob f000 0 eng d
005 20260504201516.3
035 |a cis2007463375 
040 |a UMI  |c UMI  |d UtOrBLW 
043 |a n-us--- 
074 |a 1017-A 
074 |a 1017-B (MF) 
086 0 |a Y 4.F 76/1:F 76/76/PT.1- 
099 |a HRG-1994-FOA-0011 
099 |a HRG-1994-FOA-0012 
099 |a HRG-1994-FOA-0082 
099 |a HRG-1994-FOA-0083 
099 |a HRG-1994-FOA-0084 
110 1 |a United States.  |b Congress.  |b House.  |b Committee on Foreign Affairs. 
245 1 0 |a Rewrite of the Foreign Assistance Act of 1961 and fiscal year 1995 foreign assistance request :  |b hearings before the Committee on Foreign Affairs, House of Representatives, One Hundred Third Congress, second session. 
264 1 |a Washington :  |b U.S. G.P.O. :  |c 1994. 
264 2 |a Washington :  |b For sale by the U.S. G.P.O., Supt. of Docs., Congressional Sales Office, 
300 |a 1 online resource. 
336 |a text  |b txt  |2 rdacontent 
337 |a computer  |b c  |2 rdamedia 
338 |a online resource  |b cr  |2 rdacarrier 
500 |a Record is based on bibliographic data in ProQuest Congressional Hearings Digital Collection. Reuse except for individual research requires license from ProQuest, LLC. 
504 |a Includes bibliographical references. 
538 |a System requirements: PDF reader software. 
500 |a Electronic resource. 
650 0 |a Economic assistance, American. 
650 0 |a Military assistance, American. 
651 0 |a United States  |x Foreign relations  |x Law and legislation. 
651 0 |a United States  |x Appropriations and expenditures, 1995. 
651 0 |a United States  |x Foreign relations  |y 1993-2001. 
655 7 |a Electronic books.  |2 local 
710 2 |a ProQuest (Firm) 
776 0 8 |i Print version:  |a United States. Congress. House. Committee on Foreign Affairs.  |t Rewrite of the Foreign Assistance Act of 1961 and fiscal year 1995 foreign assistance request  |w gp 95069431  |w (OCoLC)30900055 
776 0 8 |i Microfiche version:  |a United States. Congress. House. Committee on Foreign Affairs.  |t Rewrite of the Foreign Assistance Act of 1961 and fiscal year 1995 foreign assistance request.  |d [Bethesda, Md.] : ProQuest,[2004]  |o CIS 94 H381-63 (pt.1)  |o CIS 94 H381-91 (pt.2)  |o CIS 95 H381-26 (pt.5)  |o CIS 95 H381-27 (pt.6)  |o CIS 95 H381-28 (pt.7)  |w (ProQuest)cis09400566 
830 0 |a U.S. Congressional Hearings. 
856 4 0 |u http://proxy.library.tamu.edu/login?url=https://congressional.proquest.com/congcomp/getdoc?HEARING-ID=HRG-1994-FOA-0011  |z Connect to the full text of this electronic book  |t 0 
856 4 0 |u http://proxy.library.tamu.edu/login?url=https://congressional.proquest.com/congcomp/getdoc?HEARING-ID=HRG-1994-FOA-0012  |z Connect to the full text of this electronic book  |t 0 
856 4 0 |u http://proxy.library.tamu.edu/login?url=https://congressional.proquest.com/congcomp/getdoc?HEARING-ID=HRG-1994-FOA-0082  |z Connect to the full text of this electronic book  |t 0 
856 4 0 |u http://proxy.library.tamu.edu/login?url=https://congressional.proquest.com/congcomp/getdoc?HEARING-ID=HRG-1994-FOA-0083  |z Connect to the full text of this electronic book  |t 0 
856 4 0 |u http://proxy.library.tamu.edu/login?url=https://congressional.proquest.com/congcomp/getdoc?HEARING-ID=HRG-1994-FOA-0084  |z Connect to the full text of this electronic book  |t 0 
998 |a cis09400566 
999 |a MARS 
999 f f |s 8029b383-43e5-341d-9b4b-1fb5c3e48bbe  |i 4286c10a-2c32-33be-b766-b6ac9d37f716  |t 0 
952 f f |a Texas A&M University  |b College Station  |c Electronic Resources  |s www_evans  |d Available Online  |t 0  |e HRG-1994-FOA-0084  |h Other scheme 
998 f f |a HRG-1994-FOA-0084  |t 0  |l Available Online